LEADER 01369nam 2200457 450 001 9910460659403321 005 20200520144314.0 010 $a1-61091-485-6 035 $a(CKB)3710000000409101 035 $a(MiAaPQ)EBC3317670 035 $a(Au-PeEL)EBL3317670 035 $a(CaPaEBR)ebr11051439 035 $a(OCoLC)923188667 035 $a(EXLCZ)993710000000409101 100 $a20150514h20152015 uy 0 101 0 $aeng 135 $aurcnu|||||||| 181 $2rdacontent 182 $2rdamedia 183 $2rdacarrier 200 10$aParking management for smart growth /$fRichard W. Willson 210 1$aWashington, District of Columbia :$cIsland Press,$d2015. 210 4$d©2015 215 $a1 online resource (250 pages) $cillustrations, tables 311 $a1-61091-461-9 311 $a1-61091-425-2 320 $aIncludes bibliographical references and index. 606 $aAutomobile parking$xPlanning 606 $aParking facilities$xPlanning 608 $aElectronic books. 615 0$aAutomobile parking$xPlanning. 615 0$aParking facilities$xPlanning. 676 $a388.474 700 $aWillson$b Richard$0895957 801 0$bMiAaPQ 801 1$bMiAaPQ 801 2$bMiAaPQ 906 $aBOOK 912 $a9910460659403321 996 $aParking management for smart growth$92001615 997 $aUNINA LEADER 01302nam0 22002651i 450 001 UON00077704 005 20231205102417.751 100 $a20020107d1993 |0itac50 ba 101 $aita 102 $aIT 105 $a|||| ||||| 200 1 $aˆIl ‰Madagascar, nella Biblioteca della Facoltà di Scienze Politiche dell'Università degli Studi di Napoli "Federico II"$fLiliana Mosca 210 $aNapoli$cUniversità degli Studi di Napoli "Federico II". Facoltà di Scienze Politiche$d1993 215 $a31 p.$d24 cm 606 $aBiblioteche universitarie$xItalia$xCataloghi$3UONC019484$2FI 620 $aIT$dNapoli$3UONL000012 676 $a027.745$cBIBLIOTECHE UNIVERSITARIE - Italia$v21 700 1$aMOSCA$bLiliana$3UONV044930$0232344 712 $aUniversità degli studi di Napoli Federico II$3UONV269100$4650 801 $aIT$bSOL$c20260313$gRICA 899 $aSIBA - SISTEMA BIBLIOTECARIO DI ATENEO E ARCHIVIO STORICO$2UONSI 912 $aUON00077704 950 $aSIBA - SISTEMA BIBLIOTECARIO DI ATENEO E ARCHIVIO STORICO$dSI ST Bibl 101 $eSI AA 18220 5 101 996 $aMadagascar, nella Biblioteca della Facoltà di Scienze Politiche dell'Università degli Studi di Napoli "Federico II"$91300106 997 $aUNIOR